00361nam a2200097Ia 4500008004100000100002000041245008100061260003500142650002500177856006100202160909s9999 xx 000 0 und d aDonnelly, Janet aUse of video games in patients' self-management of pain: A feasibility study bUniversity of San Diego.c2016 aMARKETING MANAGEMENT uhttp://pqdtopen.proquest.com/doc/1799048338.html?FMT=ABS